000 01350nam0a2200313 4500
001 RU\NLR\ONL2\7192
005 20250613130254.0
010 _a5-7761-0521-8
_92000
035 _a(NLR Aleph) 009654784
090 _a9585438
_c9585438
100 _a20070703d2006 |||y0rusy50 ca
101 0 _atat
102 _aRU
105 _ac |||||||||
200 1 _aКунелдэ фидаи яшэсэ
_eэдэбият, сэнгать hэм яшэеш турында уйланулар
_fЗиннур Мансуров
210 _aКазан
_cМэгариф
_d2006
215 _a493,[2] б.
_cпортр., фот.
_d17
541 1 _6z01790
_aДуша беззаветности полна
_eразмышления о литературе, искусстве и жизни.
_zrus
606 0 _aТатарская литература
_xИстория
_92175405
_3RU\NLR\auth-onl\6689
686 1 _aШ5(2=Тат)7-3
700 1 _4070
_7ca
_8tat
_aМансуров
_bЗ. М.
_f1949-
_gЗиннур Мөҗип улы
_9236762
_3RU\NLR\AUTH\770236818
790 1 _4070
_7ca
_8rus
_aМансуров
_bЗ. М.
_f1949-
_gЗиннур Музипович
_9236761
_3RU\NLR\AUTH\770236817
801 0 _aRU
_bNLR
_c20070703
_gPSBO
852 _aNLR
_bОНЛ
_jТатар./2-12102
942 _cBOOK
980 _aNB
980 _aONL_RF